000 00699nam a2200205Ia 4500
003 GCL
008 140319s9999 xx 000 0 ara d
020 _a4336414977
040 _aGCL /
_cGCL
082 0 4 _a306.2
_bا م
100 1 _aاحمد زايد
245 1 0 _aمقدمة فى علم الاجتماع السياسى /
_cاحمد زايد
250 _aالاولى
260 _aالقاهرة :
_bنهضة مصر للطباعة والنشر والتوزيع ،
_c2006
300 _a162 ص ؛
_c24 سم
650 0 4 _aالنظم السياسية
650 0 4 _aالاجتماع السياسى، علم
650 0 4 _aالاجتماع السياسى، علم - تاريخ
942 _2ddc
_cBK
999 _c8749
_d8749